000 01430nam a2200229Ia 4500
003 Ost
005 20260507075705.0
008 260507s9999||||xx |||||||||||||| ||und||
020 _a9789931475231
040 _cfsecg
041 _aara
082 _a350
100 _aعدمان،مريزق
_eمؤلف
245 0 _aالتسيير العمومي بين الاتجاهات الكلاسيكية والاتجاهات الحديثة /
_cمريزق عدمان
250 _aطبعة 2
260 _aالجزائر:
_bالجسور للنشر و التوزيع,
_c2018
300 _a176 صفحة؛
_bإيضاحات ؛
_c24 سم
504 _aمراجع ص.165
520 _aمفهوم و أنواع و مبادئ الخدمة العمومية ، الإدارة العمومية ، مفهوم و خصائص و مبادئ الادارة العمومية و البعد البيئي لها و الأطراف ذات المصلحة ، ، التسيير العمومي مفهومه و مداخله ووظائفه ، تقييم الأداء في الإدارة العمومية ، مدخل لتنمية الادارة العمومي في الحوكمة الإلكترونية ، جودة الخدمات العمومية ، أخلقية الإدارة العمومية ، التسيير العمومي الجديد ، مفهوم ومداخل الاصلاح الإداري.
653 _aالادارة العامة
942 _cكتاب
999 _c45869
_d45869